| 000 | 00754nac a22002531ca4500 | ||
|---|---|---|---|
| 001 | a987687955 | ||
| 008 | 991231m19962000gw |||| 000u rus d | ||
| 020 |
_a5860040660 _95-86004-066-0 |
||
| 041 | _arus | ||
| 110 | 0 | _aSojuz Semnadcatogo Oktjabrja | |
| 245 | 0 | 0 |
_aPartija "Sojuz 17 oktjabrja" : _bProtokoly s'ezdov i zasedanij CK ; |
| 264 |
_aMoskva : _bROSSPEN, _c1996-2000 |
||
| 648 | 0 | _a<1905-1915> | |
| 650 | 0 | _aOktobristen | |
| 650 | 0 | _aPolitische Parteien | |
| 655 | 0 | _aQuelle | |
| 700 | 1 |
_aPavlov, Dmitrij B. _eHerausgeberIn |
|
| 910 | 0 | 0 | _aBände 1-2 |
| 942 | _cMG | ||
| 040 | _cRU-10907106 | ||
| 003 | RU-10907106 | ||
| 999 |
_c13049 _d13049 |
||
| 490 | 0 |
_aPolitičeskie partii Rossii : konec XIX - pervaja tret' XX veka _vdokumental'noe nasledie |
|